000 01034nam a2200277 i 4500
001 13227
003 KOSZ 005
005 20200813113629.0
008 071127s1970 pl a f 000 0 pol
015 _aPB 1971/1243
040 _aWA N
_cWA N
_dKOSZ 005/RW
080 _a528
100 1 _aHausbrandt, Stefan
_d(1896-1971).
_eAutor
245 1 0 _aRachunek wyrównawczy i obliczenia geodezyjne.
_nT. 1 /
_cStefan Hausbrandt.
260 _aWarszawa :
_bPaństwowe Przedsiębiorstwo Wydawnictw Kartograficznych,
_c1970.
300 _a616 stron :
_bilustracje ;
_c25 cm.
336 _aTekst
_btxt
_2rdacontent
337 _aBez urządzenia pośredniczącego
_bn
_2rdamedia
338 _aWolumin
_bnc
_2rdacarrier
380 _aKsiążki.
650 4 _aGeodezja
650 4 _aRachunek wyrównawczy
710 2 _aPaństwowe Przedsiębiorstwo Wydawnictw Kartograficznych
_4pbl.
856 _uhttp://koha.tu.koszalin.pl/cgi-bin/koha/opac-detail.pl?biblionumber=13227
_yKatalog online BPK
942 _2UKD
_cKS
999 _c13227
_d13227